Normal view
MARC view
- Holowenko, Alfred R
Entry Personal Name
001 - CONTROL NUMBER
- control field: 106347
003 - CONTROL NUMBER IDENTIFIER
- control field: NUST
005 - DATE AND TIME OF LATEST TRANSACTION
- control field: 20221229122433.0
008 - FIXED-LENGTH DATA ELEMENTS
- fixed length control field: 221229|| aca||aabn | a|a d
040 ## - CATALOGING SOURCE
- Original cataloging agency: NUST
- Transcribing agency: NUST
100 ## - HEADING--PERSONAL NAME
- Personal name: Holowenko, Alfred R
670 ## - SOURCE DATA FOUND
- Source citation: Work cat.: (NUST)183597: Hall, Allen Strickland. 106344, Schaum's outline of theory and problems of machine design /, c1980.
